| 000 | 00607nam a2200205 a 4500 | ||
|---|---|---|---|
| 001 | 17073 | ||
| 003 | CO-ViMGA | ||
| 008 | 141112s2004 ck r 000 u spa d | ||
| 020 | _a8425335485 | ||
| 040 |
_aCO-ViMGA _bspa _cCO-ViMGA |
||
| 082 | 0 | 4 | _a540.112 M177p |
| 100 | 1 |
_aMarshall, Peter _924223 |
|
| 245 | 1 | 0 | _aLa piedra filosofal , un viaje en busca de los secretos de la alquimia |
| 260 |
_aBarcelona (España), _cGrijalbo, _c2001 |
||
| 300 | _a611.p. | ||
| 590 | _aForma de adquisición : Premio - Mincultura | ||
| 650 | 1 | 4 |
_aALQUIMIA _91402 |
| 650 | 1 | 4 |
_aALQUIMIA - HISTORIA _924224 |
| 942 |
_2ddc _cBK |
||
| 999 |
_c26686 _d26686 |
||